000 00455 a2200157 4500
005 20250505103452.0
020 _a0-07-243235-7
082 _a658.3 BER
100 _aBERNARDIAN, H. J.
245 _aHunan Resources Management : An Experiential Approach.
250 _a3rd Ed
260 _aNew York,
_bMcGraw- Hill,
_c2003.
300 _aXv, 630p.: ill.; figure
_bIndex
_c27cm.
856 _yAccess Online Book
_fManagement
_dwww.mhhe.com
942 _2ddc
_cBKS
999 _c1896
_d1896